|
|
|
|
| LEADER |
00000nab a2200000 ar4500 |
| 001 |
vtls010653850 |
| 003 |
SK-MaSNL |
| 005 |
20260304034203.0 |
| 008 |
150211c2014 xo mr|p|||an |000 b|slo |
| 015 |
|
|
|a SNBRB2015/02
|
| 038 |
|
|
|a SPK
|
| 040 |
|
|
|a SPKCL
|b slo
|c AACR2
|e AACR2
|
| 041 |
0 |
|
|a slo
|b slo
|
| 044 |
|
|
|a xo
|c SK
|
| 072 |
|
7 |
|a 57
|x Všeobecná biológia
|2 konspekt
|
| 072 |
|
7 |
|a 59
|x Zoológia
|2 konspekt
|
| 080 |
|
|
|a 57.081.1
|2 2001
|
| 080 |
|
|
|a 373.3
|2 2001
|
| 080 |
|
|
|a 598.2
|2 2001
|
| 100 |
1 |
|
|a Plačková, Lucia
|4 aut
|9 554733
|
| 245 |
1 |
0 |
|a Kto to k nám priletel na školský dvor?
|b námety edukačných činností na pozorovanie a určovanie vtáctva v 3. ročníku ZŠ
|c Lucia Plačková, Ružena Tomkuliaková
|
| 300 |
|
|
|b Tab., fotogr., obr.
|
| 504 |
|
|
|a Bibliogr. odkazy
|
| 546 |
|
|
|a Res. slov.
|
| 650 |
0 |
7 |
|a prírodoveda
|2 snkbucl
|9 3960
|
| 650 |
0 |
7 |
|a základné školy
|2 snkbucl
|9 1280
|
| 650 |
0 |
7 |
|a ročník 3.
|2 snkbucl
|9 878596
|
| 650 |
0 |
7 |
|a vtáky
|2 snkbucl
|9 2762
|
| 700 |
1 |
|
|a Čiliaková, Ružena,
|d 1985-
|4 aut
|9 227841
|
| 773 |
0 |
|
|t Naša škola
|g Roč. XVIII., č. 5(2014/15), s. 13-20
|x 1335-2733
|
| 852 |
|
|
|a SPK
|b KIS3GCP
|
| 958 |
|
|
|a NB
|2 spk
|
| 999 |
|
|
|c 2651835
|d 2653765
|